Municipality capitals (adm. centres) in Norway - Statistics

General Stats
  • This quiz has been taken 108 times
  • The average score is 168 of 422
Answer Stats
Municipality Administration center % Correct
Ål Ål
97%
Alta Alta
97%
Bergen Bergen
97%
Tydal | Ås Ås
95%
Gjerdrum Ask
95%
Os Os
95%
Oslo Oslo
95%
Arendal Arendal
92%
Askim Askim
92%
Karasjok Karasjok
92%
Modalen Mo
92%
Nord-Odal | Suldal Sand
92%
Asker Asker
89%
89%
Gaular | Sande Sande
89%
Sandefjord Sandefjord
89%
Ski Ski
89%
Drammen Drammen
86%
Hamar Hamar
86%
Kautokeino Kautokeino
86%
Lillehammer Lillehammer
86%
Moss Moss
86%
Sandnes Sandnes
86%
Sarpsborg Sarpsborg
86%
Bodø Bodø
84%
Elverum Elverum
84%
Sokndal Hauge
84%
Haugesund Haugesund
84%
Kongsvinger Kongsvinger
84%
Skien Skien
84%
Fredrikstad Fredrikstad
81%
Hammerfest Hammerfest
81%
Hol | Tjeldsund Hol
81%
Kongsberg Kongsberg
81%
Larvik Larvik
81%
Stavanger Stavanger
81%
Fauske Fauske
78%
Flå Flå
78%
Gol Gol
78%
Kragerø Kragerø
78%
Kristiansund Kristiansund
78%
Molde Molde
78%
Narvik Narvik
78%
Trondheim Trondheim
78%
Eidsvoll Eidsvoll
76%
Grimstad Grimstad
76%
Harstad Harstad
76%
Horten Horten
76%
Namsos Namsos
76%
Porsgrunn Porsgrunn
76%
Røros Røros
76%
Tønsberg Tønsberg
76%
Våler Våler
76%
Alvdal Alvdal
73%
Aure | Sykkylven Aure
73%
Førde Førde
73%
Gjøvik Gjøvik
73%
Halden Halden
73%
Jevnaker Jevnaker
73%
Sør-Varanger Kirkenes
73%
Odda Odda
73%
Risør Risør
73%
Tinn Rjukan
73%
Sauda Sauda
73%
Steinkjer Steinkjer
73%
Askvoll Askvoll
70%
Balestrand Balestrand
70%
Dovre Dovre
70%
Eidfjord Eidfjord
70%
Holmestrand Holmestrand
70%
Kristiansand Kristiansand
70%
Lund Moi
70%
Rana Mo i Rana
70%
Seljord Seljord
70%
Tromsø Tromsø
70%
Tynset Tynset
70%
Eigersund Egersund
68%
Eide Eide
68%
Fedje Fedje
68%
Flekkefjord Flekkefjord
68%
Hareid Hareid
68%
Øvre Eiker Hokksund
68%
Ringerike Hønefoss
68%
Ullensaker Jessheim
68%
Jondal Jondal
68%
Levanger Levanger
68%
Løten Løten
68%
Mandal Mandal
68%
Bærum | Lierne Sandvika
68%
Siljan Siljan
68%
Vadsø Vadsø
68%
Ålesund Ålesund
65%
Ballangen Ballangen
65%
Båtsfjord Båtsfjord
65%
Berlevåg Berlevåg
65%
Farsund Farsund
65%
Rakkestad Rakkestad
65%
Randaberg Randaberg
65%
Sortland Sortland
65%
Stange Stange
65%
Vardø Vardø
65%
Vestby Vestby
65%
Hole | Sømna Vik
65%
Evje og Hornnes Evje
62%
Hattfjelldal Hattfjelldal
62%
Lillesand Lillesand
62%
Skedsmo Lillestrøm
62%
Nesna Nesna
62%
Oppdal Oppdal
62%
Fet Fetsund
59%
Høyanger Høyanger
59%
Nedre Eiker Mjøndalen
59%
Notodden Notodden
59%
Lunner Roa
59%
Rollag Rollag
59%
Rygge Rygge
59%
Spydeberg Spydeberg
59%
Sveio Sveio
59%
Vang Vang
59%
Brønnøy Brønnøysund
57%
Bykle Bykle
57%
Engerdal Engerdal
57%
Fitjar Fitjar
57%
Flora Florø
57%
Kviteseid Kviteseid
57%
Lødingen Lødingen
57%
Melhus Melhus
57%
Selje Selje
57%
Stranda Stranda
57%
Stryn Stryn
57%
Tvedestrand Tvedestrand
57%
Utsira Utsira
57%
Valle Valle
57%
Vestnes Vestnes
57%
Frosta Frosta
54%
Granvin Granvin
54%
Hurdal Hurdal
54%
Klæbu Klæbu
54%
Bamble Langesund
54%
Lesja Lesja
54%
Nesodden Nesoddtangen
54%
Sel Otta
54%
Svelvik Svelvik
54%
Volda Volda
54%
Bygland Bygland
51%
Forsand Forsand
51%
Grong Grong
51%
Vefsn Mosjøen
51%
Namsskogan Namsskogan
51%
Naustdal Naustdal
51%
Roan Roan
51%
Ulstein Ulsteinvik
51%
Åmli Åmli
49%
Frogn Drøbak
49%
Gjerstad Gjerstad
49%
Meldal Meldal
49%
Namdalseid Namdalseid
49%
Nes Nesbyen
49%
Snåsa Snåsa
49%
Vennesla Vennesla
49%
Verdal Verdal
49%
Vinje | Åmot Åmot
46%
Folldal Folldal
46%
Nordkapp Honningsvåg
46%
Klepp Kleppe
46%
Røyrvik Røyrvik
46%
Skjervøy Skjervøy
46%
Tolga Tolga
46%
Vevelstad Vevelstad
46%
Høylandet Høylandet
43%
Hyllestad Hyllestad
43%
Kvalsund Kvalsund
43%
Lier Lierbyen
43%
Ørsta Ørsta
43%
Rømskog Rømskog
43%
Alstahaug Sandnessjøen
43%
Ulvik Ulvik
43%
Modum Vikersund
43%
Fjaler | Vaksdal Dale
41%
Nord-Aurdal Fagernes
41%
Rindal Rindal
41%
Skodje Skodje
41%
Stjørdal Stjørdalshalsen
41%
Tingvoll Tingvoll
41%
Voss Vossevangen
41%
Ringsaker Brumunddal
38%
Malvik Hommelvik
38%
Oppegård Kolbotn
38%
Karmøy Kopervik
38%
Stord Leirvik
38%
Lurøy Lurøy
38%
Midsund Midsund
38%
Vestre Slidre Slidre
38%
Sørreisa Sørreisa
38%
Time Bryne
35%
Tokke Dalen
35%
Gran Jaren
35%
Lærdal Lærdalsøyri
35%
Porsanger Lakselv
35%
Flesberg Lampeland
35%
Eid Nordfjordeid
35%
Os Osøyro
35%
Sørum Sørumsand
35%
Stordal Stordal
35%
Andøy Andenes
32%
Birkenes Birkeland
32%
Strand Jørpeland
32%
Østre Toten Lena
32%
Orkdal Orkanger
32%
Vestre Toten Raufoss
32%
Nittedal Rotnes
32%
Gloppen Sandane
32%
Tana Tana bru
32%
Grane Trofors
32%
Aurskog-Høland Bjørkelangen
30%
Nordre Land Dokka
30%
Askøy Kleppestø
30%
Leka | Vestvågøy Leknes
30%
Skiptvet Meieribyen
30%
Eidsberg Mysen
30%
Krødsherad Noresund
30%
Nore og Uvdal Rødberg
30%
Saltdal Rognan
30%
Bø | Fjell Straume
30%
Vågan Svolvær
30%
Gjesdal Ålgård
27%
Rauma Åndalsnes
27%
Sør-Aurdal Bagn
27%
Ørland Brekstad
27%
Åsnes Flisa
27%
Hjelmeland Hjelmelandsvågen
27%
Søndre Land Hov
27%
Stor-Elvdal Koppang
27%
Vågsøy Måløy
27%
Marker Ørje
27%
Sigdal Prestfoss
27%
Bardu Setermoen
27%
Sunndal Sunndalsøra
27%
Nissedal Treungen
27%
Nome Ulefoss
27%
Vågå Vågåmo
27%
Lindesnes Vigeland
27%
Nord-Fron Vinstra
27%
Sauherad Akkerhaugen
24%
Lyngdal Alleen
24%
Nes | Åfjord Årnes
24%
Rennebu Berkåk
24%
Færder Borgheim
24%
Lenvik Finnsnes
24%
Herøy Fosnavåg
24%
Leikanger Hermansverk
24%
Enebakk Kirkebygda
24%
Hemnes Korgen
24%
Gamvik Mehamn
24%
Re Revetal
24%
Vikna Rørvik
24%
Sør-Odal Skarnes
24%
Nannestad Teigebyen
24%
Holtålen Ålen
22%
Årdal Årdalstangen
22%
Råde Karlshus
22%
Lindås Knarvik
22%
Kvinesdal Liknes
22%
Øksnes Myre
22%
Kvam Nordheimsund
22%
Drangedal Prestestranda
22%
Røst Røstlandet
22%
Gausdal Segalstad bru
22%
Sogndal Sogndalfjøra
22%
Hadsel Stokmarknes
22%
Bømlo Svortland
22%
Sirdal Tonstad
22%
Tysvær Aksdal
19%
Aurland Aurlandsvangen
19%
Gulen Eivindvik
19%
Lom Fossbergom
19%
Luster Gaupne
19%
Trysil Innbygda
19%
Grue Kirkenær
19%
Nærøy Kolvereid
19%
Masfjorden Masfjordnes
19%
Songdalen Nodeland
19%
Moskenes Reine
19%
Kvinnherad Rosendal
19%
Hjartdal Sauland
19%
Jølster | Surnadal Skei
19%
Hvaler Skjærhalden
19%
Søgne Tangvall
19%
Øyer Tingberg
19%
Skjåk Bismo
16%
Evenes Bogen
16%
Haram Brattvåg
16%
Fyresdal Folkestadbyen
16%
Gildeskål Inndyr
16%
Finnøy Judaberg
16%
Målselv Moen
16%
Frøya Sistranda
16%
Midtre Gauldal Støren
16%
Varhaug
16%
Bjerkreim Vikeså
16%
Gjemnes Batnfjordsøra
14%
Froland Blakstad
14%
Etnedal Bruflat
14%
Etne Etnesjøen
14%
Skånland Evenskjær
14%
Meland Frekhaug
14%
Vega Gladstad
14%
Hornindal Grodås
14%
Sør-Fron Hundorp
14%
Ullensvang Kinsarvik
14%
Våler Kirkebygden
14%
Lebesby Kjøllefjord
14%
Sande Larsnes
14%
Lyngen Lyngseidet
14%
Radøy Manger
14%
Meråker | Røyken Midtbygda
14%
Vegårshei Myra
14%
Flakstad Ramberg
14%
Hurum Sætre
14%
Sola Solakrossen
14%
Balsfjord Storsteinnes
14%
Inderøy | Sørfold Straumen
14%
Bremanger Svelgen
14%
Hægebostad Tingvatn
14%
Hemsedal Trøim
14%
Ringebu Vålebru
14%
Kvitsøy Ydstebøhavn
14%
Rendalen Bergset
11%
Iveland Birketveit
11%
Hasvik Breivikbotn
11%
Fusa Eikelandsosen
11%
Fræna Elnesvågen
11%
Bokn Føresvik
11%
Torsken Gryllefjord
11%
Solund Hardbakke
11%
Åseral Kyrkjebygd
11%
Hemne Kyrksæterøra
11%
Leirfjord Leland
11%
Osterøy Lonevåg
11%
Kåfjord Olderdalen
11%
Trøgstad Skjønhaug
11%
Lørenskog Solheim
11%
Austevoll Storebø
11%
Bindal Terråk
11%
Samnanger Tysse
11%
Rennesøy Vikevåk
11%
Vik Vikøyri
11%
Austrheim Årås
8%
Kvæfjord Borkenes
8%
Skaun Børsa
8%
Bjugn Botngård
8%
Dyrøy Brøstadbotn
8%
Averøy Bruhagen
8%
Hobøl Elvestad
8%
Vanylven Fiskåbygd
8%
Rælingen Fjerdingby
8%
Øystre Slidre Heggenes
8%
Tysfjord Kjøpsvik
8%
Sula Langevåg
8%
Halsa Liabø
8%
Selbu Mebond
8%
Beiarn Moldjord
8%
Loppa Øksfjord
8%
Vindafjord Ølensjøen
8%
Meløy Ørnes
8%
Salangen Sjøvegan
8%
Eidskog Skotterud
8%
Lavangen Tennevoll
8%
Nesseby Varangerbotn
8%
Kvænangen Burfjord
5%
Hitra Fillan
5%
Karlsøy Hansnes
5%
Måsøy Havøysund
5%
Smøla Hopen
5%
Træna Husøy
5%
Hamarøy Oppeid
5%
Overhalla Ranemsletta
5%
Herøy Silvalen
5%
Berg Skaland
5%
Værøy Sørland
5%
Nordreisa Storslett
5%
Tysnes Uggdal
5%
Gratangen Årstein
3%
Nesset Eidsvåg
3%
Aukra Falkhytta
3%
Ibestad Hamnvik
3%
Storfjord Hatteng
3%
Marnardal Heddeland
3%
Fosnes Jøa
3%
Audnedal Konsmo
3%
Steigen Leinesfjord
3%
Agdenes Lensvik
3%
Verran Malm
3%
Øygarden Rong
3%
Ørskog Sjøholt
3%
Sund Skogsvåg
3%
Dønna Solfjellsjøen
3%
Osen Steinsdalen
3%
Sandøy Steinshamn
3%
Radøy Vågaholmen
3%
Giske Valderøya
3%
Tranøy Vangsvik
3%
Indre Fosen Årnset
0%
Aremark Fosby
0%
Snillfjord Krokstadøra
0%
Flatanger Lauvsnes
0%
Norddal Valldal
0%
No matching quizzes found
Score Distribution
Percent of People with Each Score
Percentile by Number Answered
Your Score History
You have not taken this quiz